000 00396nam a22001697a 4500
005 20160528093440.0
008 160528b xxu||||| |||| 00| 0 eng d
020 _a81-203-2122-7
041 _aeng
082 _b5589
100 _aBerman, Barry & Evans, Joel R
_91412
245 _aRetail Management
260 _aNew Delhi
_bPHI,
300 _a708
650 _aManagement
_9241
942 _cBK
999 _c2000
_d1999